000 00630nam a2200217Ia 4500
005 20241129104215.0
008 241129s9999||||xx |||||||||||||| ||und||
020 _a9780367193348
037 _aTextual
040 _aRTL
_beng
_cRTL
041 _aeng
_2eng
084 _aY15:3(S5) R0
_qRTL
100 _aRyan J.Michael
_9725237
245 0 _aTrans lives in a globalizing world: Rights identities and politics
_cRyan J.Michael
260 _aLondon
_bRoutledge
_c2020
300 _axi,218p.
365 _aINR
_b3770.76
650 _aGender Studies
942 _cTB
_hY15:3(S5) R0
999 _c1224879
_d1224879